| 000 | 00631nam a2200229 i 4500 | ||
|---|---|---|---|
| 001 | 31190 | ||
| 003 | ES-MaACL | ||
| 005 | 20260525062925.0 | ||
| 007 | t| | ||
| 008 | 030128s1979 sp |||| | spa d | ||
| 020 | _a84-239-0094-0 | ||
| 080 | _a821.134.2-6"19" | ||
| 100 | 1 |
_aBenavente, Jacinto, _d1866-1954 _927443 |
|
| 245 | 1 | 0 |
_aCartas de mujeres / _cJacinto Benavente. |
| 250 | _a11ª ed. | ||
| 260 |
_aMadrid : _bEspasa-Calpe, _c1979. |
||
| 300 |
_a143 p. ; _c17 cm. |
||
| 490 | 1 |
_aColección austral ; _v94 |
|
| 830 | 1 |
_aColección austral _v94 _9177655 |
|
| 852 | 4 |
_aES-MaACL _jA-10269 |
|
| 999 |
_c31190 _d31190 |
||